A vendégek lojalitásának megőrzése érzelmi kötődéssel

Bibliographic Details
Main Author: Pekola hallgató Máté
Other Authors: Endrődyné Bató Éva
Format: Thesis
Kulcsszavak:fogyasztói lojalitás
Reklám hatáselemek
marketing
Online Access:http://dolgozattar.uni-bge.hu/4714

MARC

LEADER 00000nta a2200000 i 4500
001 dolg4714
005 20160204103901.0
008 151214suuuu hu om 000 hun d
040 |a BGE Dolgozattár Repozitórium  |b hun 
041 |a hu 
100 1 |a Pekola hallgató Máté 
245 1 2 |a A vendégek lojalitásának megőrzése érzelmi kötődéssel  |c Pekola hallgató Máté  |h [elektronikus dokumentum] 
695 |a fogyasztói lojalitás 
695 |a Reklám hatáselemek 
695 |a marketing 
700 1 |a Endrődyné Bató Éva  |e ths 
856 4 0 |u http://dolgozattar.uni-bge.hu/4714/1/Pekola%20M%C3%A1t%C3%A9%20szakdolgozat.pdf  |z Dokumentum-elérés